<?xml version="1.0" encoding="UTF-8"?>
<record
    xmlns:xsi="http://www.w3.org/2001/XMLSchema-instance"
    xsi:schemaLocation="http://www.loc.gov/MARC21/slim http://www.loc.gov/standards/marcxml/schema/MARC21slim.xsd"
    xmlns="http://www.loc.gov/MARC21/slim">

  <leader>00730nam a2200193Ia 4500</leader>
  <controlfield tag="008">190511s9999    xx            000 0 und d</controlfield>
  <datafield tag="100" ind1=" " ind2=" ">
    <subfield code="a">Buck, Benjamin</subfield>
  </datafield>
  <datafield tag="245" ind1=" " ind2="4">
    <subfield code="a">The bias toward intentionality in schizophrenia: Automaticity, context, and relationship to symptoms and functioning /</subfield>
  </datafield>
  <datafield tag="245" ind1=" " ind2=" ">
    <subfield code="c">Benjamin Buck, Neil R. Hester, Amy Pinkham, Philip D. Harvey, L. Fredrik Jarskog, and David L. Penn.--</subfield>
  </datafield>
  <datafield tag="260" ind1=" " ind2=" ">
    <subfield code="b">American Psychological Association</subfield>
  </datafield>
  <datafield tag="260" ind1=" " ind2=" ">
    <subfield code="c">2018</subfield>
  </datafield>
  <datafield tag="300" ind1=" " ind2=" ">
    <subfield code="a">Pages 503-512, July 2018</subfield>
  </datafield>
  <datafield tag="440" ind1=" " ind2=" ">
    <subfield code="a">Journal of Abnormal Psychology</subfield>
    <subfield code="v">127(5)</subfield>
  </datafield>
  <datafield tag="650" ind1=" " ind2=" ">
    <subfield code="a">Functioning</subfield>
  </datafield>
  <datafield tag="650" ind1=" " ind2=" ">
    <subfield code="a">Psychometrics</subfield>
  </datafield>
  <datafield tag="650" ind1=" " ind2=" ">
    <subfield code="a">Schizophrenia</subfield>
  </datafield>
  <datafield tag="650" ind1=" " ind2=" ">
    <subfield code="a">Social cognition</subfield>
  </datafield>
  <datafield tag="856" ind1=" " ind2=" ">
    <subfield code="u">www.apa.org/pubs/journals/abn</subfield>
  </datafield>
  <datafield tag="999" ind1=" " ind2=" ">
    <subfield code="c">361846</subfield>
    <subfield code="d">361846</subfield>
  </datafield>
  <datafield tag="952" ind1=" " ind2=" ">
    <subfield code="0">0</subfield>
    <subfield code="1">0</subfield>
    <subfield code="4">0</subfield>
    <subfield code="a">CL</subfield>
    <subfield code="b">CL</subfield>
    <subfield code="d">2019-05-11</subfield>
    <subfield code="l">0</subfield>
    <subfield code="r">2019-05-11 00:00:00</subfield>
    <subfield code="w">2019-05-11</subfield>
    <subfield code="y">SE</subfield>
  </datafield>
</record>
